Biblioteca y Centro de Documentación

Support measures for business creation following restructuring (Registro nro. 19082)

Detalles MARC
000 -CABECERA
Longitud fija campo de control 01461nam a2200397 c 4500
001 - NÚMERO DE CONTROL
Número de control 19082
003 - IDENTIFICADOR DE NÚMERO DE CONTROL
Identificador del número de control ES-MaCES
005 - FECHA Y HORA DE LA ÚLTIMA TRANSACCIÓN
Fecha y hora de la última transacción 20180118122041.0
008 - CAMPO FIJO DE DESCRIPCIÓN FIJA--INFORMACIÓN GENERAL
Códigos de información de longitud fija   060719s2006 lu d m000 | eng d
020 ## - ISBN (INTERNATIONAL STANDARD BOOK NUMBER)
Número Internacional Normalizado para Libros (ISBN) 9289709324
035 ## - NÚMERO DE CONTROL DEL SISTEMA
Número de control del sistema CES20060008918m
040 ## - FUENTE DE CATALOGACIÓN
Centro catalogador de origen ES-MaCES
Lengua de catalogación spa
Centro transcriptor ES-MaCES
100 1# - ENCABEZAMIENTO PRINCIPAL--NOMBRE PERSONAL
Nombre de persona Corral, Antonio
9 (RLIN) 10005
245 10 - MENCIÓN DE TÍTULO
Título Support measures for business creation following restructuring
Mención de responsabilidad, etc. [authors, Antonio Corral, Iñigo Isusi, Jennifer Stack]
260 ## - PUBLICACIÓN, DISTRIBUCIÓN, ETC (PIE DE IMPRENTA)
Lugar de publicación, distribución, etc. Luxembourg
Nombre del editor, distribuidor, etc. Office for Official Publications of the European Communities
Fecha de publicación, distribución, etc. 2006
300 ## - DESCRIPCIÓN FÍSICA
Extensión VII, 65 p.
Dimensiones 30 cm
500 ## - NOTA GENERAL
Nota general Precede al tít.: European Foundation for the Improvement of Living and Working Conditions
504 ## - NOTA DE BIBLIOGRAFÍA, ETC.
Nota de bibliografía, etc. Bibliografía: p. 63-65
541 ## - NOTA DE LA FUENTE INMEDIANTE DE ADQUISICIÓN
Forma de adquisición Gratuito
650 #4 - ASIENTO SECUNDARIO DE MATERIA--TÉRMINO DE MATERIA
Término de materia o nombre geográfico como elemento inicial creación de empresa
9 (RLIN) 30016
650 #4 - ASIENTO SECUNDARIO DE MATERIA--TÉRMINO DE MATERIA
Término de materia o nombre geográfico como elemento inicial reestructuración empresarial
9 (RLIN) 30602
650 #4 - ASIENTO SECUNDARIO DE MATERIA--TÉRMINO DE MATERIA
Término de materia o nombre geográfico como elemento inicial red de apoyo empresarial
9 (RLIN) 30593
650 #4 - ASIENTO SECUNDARIO DE MATERIA--TÉRMINO DE MATERIA
Término de materia o nombre geográfico como elemento inicial estudio de casos
9 (RLIN) 28846
650 #4 - ASIENTO SECUNDARIO DE MATERIA--TÉRMINO DE MATERIA
Término de materia o nombre geográfico como elemento inicial repertorio de recomendaciones prácticas
9 (RLIN) 29261
653 10 - TÉRMINO DE INDEXACIÓN--NO CONTROLADO
Término no controlado Empresa
650 #4 - ASIENTO SECUNDARIO DE MATERIA--TÉRMINO DE MATERIA
9 (RLIN) 28178
Término de materia o nombre geográfico como elemento inicial empresa
650 #4 - ASIENTO SECUNDARIO DE MATERIA--TÉRMINO DE MATERIA
9 (RLIN) 30601
Término de materia o nombre geográfico como elemento inicial estrategia empresarial
650 #4 - ASIENTO SECUNDARIO DE MATERIA--TÉRMINO DE MATERIA
9 (RLIN) 29020
Término de materia o nombre geográfico como elemento inicial país de la UE
650 #4 - ASIENTO SECUNDARIO DE MATERIA--TÉRMINO DE MATERIA
9 (RLIN) 26752
Término de materia o nombre geográfico como elemento inicial UE
700 1# - ENCABEZAMIENTO SECUNDARIO--NOMBRE PERSONAL
Nombre de persona Isusi, Iñigo
9 (RLIN) 15244
700 1# - ENCABEZAMIENTO SECUNDARIO--NOMBRE PERSONAL
Nombre de persona Stack, Jennifer
9 (RLIN) 24384
710 2# - ENCABEZAMIENTO SECUNDARIO--NOMBRE CORPORATIVO
9 (RLIN) 3819
Nombre de entidad o nombre de jurisdicción como elemento inicial Fundación Europea para la Mejora de las Condiciones de Vida y de Trabajo
902 ## - CES. TIPO DE DOCUMENTO
Tipodoc (006$c Sirtex) DOC Literatura gris
942 ## - ELEMENTOS KOHA
Fuente de clasificaión o esquema Clasificación propia del CES
Koha [por defecto] tipo de item Monografías
Parte de clasificación 0.0.
Existencias
Número de registro Signatura completa Tipo de item de Koha
065320 DOC-0.0.-535 Monografías
© CES, Consejo Económico y Social de España 2021